[Event "BL 1011 SV Wattenscheid - SF Katernberg"]
[Site "?"]
[Date "2011.04.10"]
[Round "15.4"]
[White "Holzke, Frank Dr"]
[Black "Lahno, Kateryna"]
[Result "0-1"]
[WhiteElo "2502"]
[BlackElo "2539"]
[PlyCount "54"]
[EventDate "2011.??.??"]

1. e4 e5 2. Nf3 Nc6 3. Bc4 Bc5 4. O-O d6 5. c3 Nf6 6. d4 Bb6 7. a4 a5 8. Qd3
O-O 9. Bg5 h6 10. Bh4 exd4 11. cxd4 g5 12. e5 d5 13. Bb3 Nb4 14. Qd1 gxh4 15.
exf6 Qxf6 16. Nc3 Be6 17. Ne5 Kh8 18. f4 c6 19. Kh1 Bf5 20. g4 hxg3 21. hxg3
Rg8 22. Qh5 Rxg3 23. Nxf7+ Kh7 24. Ng5+ Kg7 25. Ne2 Rxb3 26. Rg1 Bg6 27. Nf3
Kh7 0-1

[Event "BL 1011 SC Remagen - Nickelhütte Aue"]
[Site "?"]
[Date "2011.04.10"]
[Round "15.5"]
[White "Eichner, Sebastian"]
[Black "Dgebuadze, Alexandre"]
[Result "0-1"]
[WhiteElo "2323"]
[BlackElo "2524"]
[PlyCount "74"]
[EventDate "2011.??.??"]

1. d4 Nf6 2. c4 e6 3. Nf3 Bb4+ 4. Nbd2 b6 5. a3 Bxd2+ 6. Qxd2 Bb7 7. g3 O-O 8.
Bg2 d6 9. O-O Nbd7 10. b4 a5 11. Bb2 Be4 12. Rfc1 Qe7 13. Qf4 h6 14. Bf1 Rfe8
15. Nd2 Bb7 16. Qe3 e5 17. d5 b5 18. Qc3 axb4 19. axb4 bxc4 20. e4 Nb6 21. Qc2
c6 22. dxc6 Bxc6 23. Bxc4 Rac8 24. Qb1 Nxc4 25. Rxc4 d5 26. exd5 Bxd5 27. Rxc8
Rxc8 28. Qf5 Re8 29. Bc3 Qc7 30. Ra3 Bb7 31. f3 Qb6+ 32. Kf1 Nd5 33. Qd3 Rc8
34. Ne4 Rd8 35. Bxe5 Nf4 36. Qe3 Qb5+ 37. Kg1 Rd1+ 0-1

[Event "BL1011 Stichkampf: Griesheim - Berlin"]
[Site "schachbundesliga.de"]
[Date "2011.04.30"]
[Round "16.1"]
[White "Markos, Jan"]
[Black "Mista, Aleksander"]
[Result "1/2-1/2"]
[WhiteElo "2566"]
[BlackElo "2574"]
[PlyCount "44"]
[EventDate "2011.??.??"]

1. Nf3 Nf6 2. c4 c5 3. g3 b6 4. Bg2 Bb7 5. O-O e6 6. Nc3 Be7 7. Re1 d5 8. cxd5
Nxd5 9. e4 Nb4 10. d4 cxd4 11. Nxd4 N8c6 12. Nxc6 Qxd1 13. Rxd1 Bxc6 14. Bf4 g5
15. Bd6 Rd8 16. e5 Bxg2 17. Kxg2 Bxd6 18. exd6 f5 19. Rac1 Kd7 20. Nb5 Rc8 21.
Rc7+ Rxc7 22. dxc7+ Nd5 1/2-1/2

[Event "BL1011 Stichkampf: Griesheim - Berlin"]
[Site "schachbundesliga.de"]
[Date "2011.04.30"]
[Round "16.2"]
[White "Tazbir, Marcin"]
[Black "Kraemer, Martin"]
[Result "1-0"]
[WhiteElo "2523"]
[BlackElo "2516"]
[PlyCount "47"]
[EventDate "2011.??.??"]

1. e4 c5 2. Nf3 d6 3. d4 cxd4 4. Nxd4 Nf6 5. Nc3 a6 6. Bc4 e6 7. Bb3 Nc6 8. Be3
Be7 9. Qe2 Nxd4 10. Bxd4 O-O 11. O-O b5 12. a3 Qc7 13. Rad1 Bb7 14. f4 e5 15.
Be3 Rac8 16. Qf3 Bc6 17. Rf2 Rfe8 18. fxe5 dxe5 19. g4 Qb7 20. g5 Nxe4 21.
Bxf7+ Kh8 22. Bxe8 Rxe8 23. Nxe4 Bxe4 24. Qg4 1-0

[Event "BL1011 Stichkampf: Griesheim - Berlin"]
[Site "schachbundesliga.de"]
[Date "2011.04.30"]
[Round "16.3"]
[White "Maksimenko, Andrei"]
[Black "Jakubowski, Krzysztof"]
[Result "1-0"]
[WhiteElo "2544"]
[BlackElo "2500"]
[PlyCount "123"]
[EventDate "2011.??.??"]

1. e4 e5 2. Nf3 Nc6 3. Bc4 Bc5 4. c3 Nf6 5. d4 exd4 6. e5 d5 7. Bb5 Ne4 8. cxd4
Bb4+ 9. Bd2 Nxd2 10. Bxc6+ bxc6 11. Nbxd2 O-O 12. O-O c5 13. a3 Bxd2 14. Qxd2
c4 15. b3 Rb8 16. bxc4 dxc4 17. Qc3 Qd5 18. Rfc1 Be6 19. Nd2 Rb6 20. Qxc4 Qd8
21. Qxc7 Qxd4 22. Qxa7 Bd5 23. Rd1 Qg4 24. f3 Qd4+ 25. Kh1 Rfb8 26. Rac1 Qf2
27. Nf1 Bxf3 28. gxf3 Qxf3+ 29. Kg1 Rg6+ 30. Ng3 Rxg3+ 31. hxg3 Qxg3+ 32. Kf1
Qh3+ 33. Ke1 Qh1+ 34. Kd2 Qg2+ 35. Ke1 Qh1+ 36. Ke2 Qh5+ 37. Kd2 Qh2+ 38. Kd3
Qxe5 39. Qd4 Qe7 40. Kc2 g6 41. Rb1 Rc8+ 42. Kb2 h5 43. Ka2 h4 44. Rb3 Qe6 45.
Kb2 g5 46. Rb6 Qe2+ 47. Rd2 Qf1 48. Qd5 Qc1+ 49. Ka2 Qc4+ 50. Qxc4 Rxc4 51. Rb5
g4 52. Rb4 Rxb4 53. axb4 h3 54. b5 g3 55. b6 g2 56. b7 g1=Q 57. b8=Q+ Kh7 58.
Qb1+ Qxb1+ 59. Kxb1 Kg6 60. Kc1 Kg5 61. Kd1 f5 62. Ke1 1-0

[Event "BL1011 Stichkampf: Griesheim - Berlin"]
[Site "schachbundesliga.de"]
[Date "2011.04.30"]
[Round "16.4"]
[White "Murdzia, Piotr"]
[Black "Lauber, Arnd"]
[Result "1/2-1/2"]
[WhiteElo "2477"]
[BlackElo "2497"]
[PlyCount "101"]
[EventDate "2011.??.??"]

1. d4 Nf6 2. c4 e6 3. Nf3 d5 4. Nc3 dxc4 5. e4 Bb4 6. Bg5 c5 7. Bxc4 cxd4 8.
Nxd4 Bxc3+ 9. bxc3 Qa5 10. Bb5+ Nbd7 11. Bxf6 Qxc3+ 12. Kf1 gxf6 13. h4 a6 14.
Rh3 Qa5 15. Rb1 axb5 16. Nxb5 Ra6 17. Ra3 Qxb5+ 18. Rxb5 Rxa3 19. Qc1 Ra8 20.
Ra5 Rb8 21. Qc7 Ke7 22. Kg1 Rg8 23. f3 Rd8 24. Ra3 Ke8 25. Kh2 Ke7 26. Ra7 Rg8
27. a4 Rd8 28. a5 Ke8 29. h5 b5 30. axb6 Rxb6 31. Ra8 Rb5 32. Rxc8 Rxh5+ 33.
Kg1 Rxc8 34. Qxc8+ Ke7 35. Qg8 Nf8 36. Qg3 Nd7 37. Qg4 Re5 38. Qh4 h5 39. Kh2
Nc5 40. Qf2 Nd7 41. Qh4 Nf8 42. Qe1 Ng6 43. Qb4+ Ke8 44. g3 f5 45. Qb8+ Ke7 46.
Qc7+ Kf8 47. Qd8+ Kg7 48. Qd4 Kg8 49. Qd8+ Kg7 50. Qd4 Kg8 51. Qd8+ 1/2-1/2

[Event "BL1011 Stichkampf: Griesheim - Berlin"]
[Site "schachbundesliga.de"]
[Date "2011.04.30"]
[Round "16.5"]
[White "Polzin, Rainer"]
[Black "Grabarczyk, Miroslaw"]
[Result "1/2-1/2"]
[WhiteElo "2494"]
[BlackElo "2475"]
[PlyCount "57"]
[EventDate "2011.??.??"]

1. e4 e5 2. Nf3 Nf6 3. d4 Nxe4 4. dxe5 d5 5. Nbd2 Nc5 6. Nb3 Ne6 7. Nbd4 Bc5 8.
c3 Nc6 9. Nxc6 bxc6 10. Bd3 O-O 11. Qc2 h6 12. O-O a5 13. Rd1 Ba6 14. Bf5 a4
15. Nd4 Qe8 16. Bh3 Bc8 17. Nf5 Ng5 18. Bxg5 hxg5 19. Re1 g6 20. Nh6+ Kg7 21.
Ng4 Qe7 22. Rad1 Rh8 23. Qe2 Be6 24. Qf3 Rh4 25. Qf6+ Kf8 26. Qf3 Kg7 27. Qf6+
Kf8 28. Qf3 Kg7 29. Qf6+ 1/2-1/2

[Event "BL1011 Stichkampf: Griesheim - Berlin"]
[Site "schachbundesliga.de"]
[Date "2011.04.30"]
[Round "16.6"]
[White "Grabarczyk, Bogdan"]
[Black "Berndt, Stephan"]
[Result "1/2-1/2"]
[WhiteElo "2448"]
[BlackElo "2442"]
[PlyCount "49"]
[EventDate "2011.??.??"]

1. e4 c5 2. Nf3 d6 3. d4 cxd4 4. Nxd4 Nf6 5. Nc3 g6 6. Be3 Bg7 7. f3 O-O 8. Qd2
Nc6 9. g4 Be6 10. h4 Nxd4 11. Bxd4 Qa5 12. h5 Rfc8 13. a3 b5 14. hxg6 hxg6 15.
g5 Nh5 16. Bxg7 Kxg7 17. Nxb5 Qxd2+ 18. Kxd2 Ng3 19. Rh2 Nxf1+ 20. Rxf1 Rc5 21.
Nd4 Rxg5 22. b4 Rc8 23. Nxe6+ fxe6 24. Rfh1 Rg3 25. Rf2 1/2-1/2

[Event "BL1011 Stichkampf: Griesheim - Berlin"]
[Site "schachbundesliga.de"]
[Date "2011.04.30"]
[Round "16.7"]
[White "Schneider, Ilja"]
[Black "Bulski, Krzysztof"]
[Result "1/2-1/2"]
[WhiteElo "2519"]
[BlackElo "2459"]
[PlyCount "160"]
[EventDate "2011.??.??"]

1. d4 Nf6 2. c4 e6 3. g3 d5 4. Nf3 Bb4+ 5. Bd2 Be7 6. Bg2 O-O 7. O-O c6 8. Bf4
Nbd7 9. Qc2 b6 10. Rd1 Bb7 11. Nc3 dxc4 12. Nd2 Nd5 13. Nxc4 Nxf4 14. gxf4 Qc7
15. e3 c5 16. d5 exd5 17. Bxd5 Nf6 18. Bxb7 Qxb7 19. Ne5 Rad8 20. Qa4 a6 21.
Qc6 Rb8 22. Qxb7 Rxb7 23. Nc6 b5 24. a4 b4 25. Nd5 Nxd5 26. Rxd5 c4 27. Rc1 c3
28. bxc3 bxc3 29. Rxc3 Bf6 30. Rc4 g6 31. Rb4 Rxb4 32. Nxb4 Rb8 33. Nc6 Rb2 34.
Ne5 Ra2 35. a5 Bh4 36. Nd3 Bf6 37. Rd6 Bc3 38. Rxa6 Rxa5 39. Rc6 Ba1 40. Rc7
Rd5 41. Nc5 Bf6 42. Ne4 Bd8 43. Rb7 Kf8 44. Kg2 Be7 45. Rb8+ Rd8 46. Rb5 Rd7
47. f5 Kg7 48. Kf3 Bd8 49. Rc5 Be7 50. Rc6 gxf5 51. Ng3 Rd5 52. Kf4 Kg8 53.
Rc8+ Bf8 54. Nxf5 Rd2 55. Kg3 Rd7 56. f4 f6 57. Kg4 Kf7 58. h4 Ra7 59. Nd4 Rd7
60. h5 Be7 61. Rb8 Bc5 62. Nf5 Bf8 63. Rc8 Ra7 64. Nd4 Rd7 65. Nb5 f5+ 66. Kf3
Bg7 67. Rc6 Ke7 68. Rc7 Rxc7 69. Nxc7 Kd7 70. Nb5 Ke6 71. Ke2 Bf8 72. Kd3 Bc5
73. Nd4+ Kf6 74. e4 fxe4+ 75. Kxe4 Ba3 76. Nf3 Bc1 77. Ng5 Kg7 78. Kf5 Kh6 79.
Kg4 Bxf4 80. Nf3 Bc1 1/2-1/2

[Event "BL1011 Stichkampf: Griesheim - Berlin"]
[Site "schachbundesliga.de"]
[Date "2011.04.30"]
[Round "16.8"]
[White "Geske, Julian"]
[Black "Thiede, Lars"]
[Result "0-1"]
[WhiteElo "2364"]
[BlackElo "2445"]
[PlyCount "96"]
[EventDate "2011.??.??"]

1. e4 g6 2. d4 Bg7 3. Nc3 d6 4. f4 a6 5. Nf3 b5 6. Bd3 Nd7 7. Be3 c5 8. e5 Bb7
9. O-O Nh6 10. e6 fxe6 11. Ng5 Bxd4 12. Bxd4 cxd4 13. Nxe6 Qb6 14. Ne4 Nc5 15.
N4g5 Nxe6 16. Nxe6 Bd5 17. Qe2 Kd7 18. Rae1 Nf5 19. Rf2 Rhg8 20. Ng5 Rg7 21.
Ne6 Rgg8 22. Ng5 Rae8 23. Bxf5+ gxf5 24. Qd3 e6 25. Nxh7 Rg6 26. Rd1 Reg8 27.
Ng5 Bc4 28. Qxd4 Qxd4 29. Rxd4 e5 30. fxe5 Rxg5 31. b3 Be6 32. Rxd6+ Ke7 33.
Rxa6 Bd5 34. g3 Be4 35. a4 Rh5 36. axb5 Rxg3+ 37. Kf1 Rc3 38. b6 Bxc2 39. b7
Bd3+ 40. Ke1 Rxb3 41. Ra7 Ke6 42. Rg2 Be4 43. Rg7 Rb1+ 44. Kd2 Rxh2+ 45. Ke3
Rb3+ 46. Kd4 Rd2+ 47. Kc4 Bd5+ 48. Kc5 Rc2+ 0-1

[Event "BL 1112 Hamburger SK - SG Solingen"]
[Site "?"]
[Date "2011.12.10"]
[Round "6.1"]
[White "Ragger, Markus"]
[Black "Kempinski, Robert"]
[Result "1/2-1/2"]
[WhiteElo "2655"]
[BlackElo "2604"]
[PlyCount "161"]
[EventDate "2011.??.??"]

1. d4 d5 2. c4 c6 3. e3 Nf6 4. Nc3 g6 5. Nf3 Bg7 6. Be2 O-O 7. O-O a6 8. Qb3
Ra7 9. a4 Bg4 10. a5 e6 11. h3 Bxf3 12. Bxf3 Ne8 13. e4 dxc4 14. Qxc4 Nd6 15.
Qc5 Ra8 16. Bg5 f6 17. Bf4 Nb5 18. Nxb5 axb5 19. Bxb8 Qxb8 20. d5 Qe5 21. Qb6
Rfb8 22. dxc6 bxc6 23. Qxc6 Rc8 24. Qb6 Bf8 25. Bg4 Re8 26. Rac1 Rab8 27. Qc6
h5 28. Be2 Qxb2 29. Rc2 Qa3 30. a6 Rbc8 31. Qxb5 Rxc2 32. Qxe8 Rxe2 33. Qxg6+
Bg7 34. Qe8+ Bf8 35. Qg6+ Bg7 36. Qe8+ Bf8 37. Qxe6+ Kg7 38. Qd7+ Be7 39. a7
Rxe4 40. Qb7 Ra4 41. Qd5 Rxa7 42. Qxh5 Qc5 43. Qg4+ Qg5 44. Qxg5+ fxg5 45. Re1
Bc5 46. Re2 Kg6 47. g3 Ra3 48. Kg2 Rd3 49. Kf1 Kf5 50. Kg2 Bd6 51. Kh2 Rb3 52.
Kh1 Be5 53. Kg2 Kf6 54. Re4 Rb2 55. Kf3 Kf5 56. Re2 Rb4 57. Re3 Rb7 58. Kg2 Rh7
59. Re2 Rf7 60. Re3 Ke6 61. Re4 Kf5 62. Re3 Ra7 63. Kf3 Bd4 64. Re2 Ra3+ 65.
Kg2 Kf6 66. Re4 Ba7 67. Re2 Bc5 68. Rc2 Be7 69. Re2 Kf7 70. Re4 Kf8 71. Re3 Ra5
72. Re4 Ra2 73. Kf3 Ke8 74. Re2 Ra6 75. Kg2 Ra3 76. Re3 Ra2 77. Kf3 Kd7 78. Re2
Ra8 79. Rd2+ Ke6 80. Re2+ Kd6 81. Rd2+ 1/2-1/2

[Event "BL 1112 Hamburger SK - SG Solingen"]
[Site "?"]
[Date "2011.12.10"]
[Round "6.2"]
[White "Zherebukh, Yaroslaw"]
[Black "Smeets, Jan"]
[Result "0-1"]
[WhiteElo "2580"]
[BlackElo "2619"]
[PlyCount "100"]
[EventDate "2011.??.??"]

1. e4 e5 2. Nf3 Nf6 3. Nxe5 d6 4. Nf3 Nxe4 5. Bd3 Nf6 6. h3 Be7 7. c3 O-O 8.
Bc2 b6 9. O-O Bb7 10. Re1 Re8 11. d4 Bf8 12. Bg5 Rxe1+ 13. Nxe1 Nbd7 14. Nd2
Qe8 15. Nef3 Ne4 16. Nxe4 Bxe4 17. Qe2 Bxc2 18. Qxc2 h6 19. Bh4 b5 20. Re1 Qc8
21. Qe4 Nb6 22. d5 Qa6 23. a3 Qa4 24. Nd4 Qc4 25. Qg4 Qxd5 26. Nf5 g6 27. Ne7+
Bxe7 28. Rxe7 Rc8 29. Qe2 Kg7 30. b3 Qxb3 31. Qf3 Qb1+ 32. Kh2 Qf5 33. Qe3 g5
34. Bg3 Nd5 35. Qd4+ Qf6 36. Rxf7+ Kxf7 37. Qxd5+ Ke7 38. Qxb5 Qxc3 39. Qf5 Rh8
40. f4 Qf6 41. Qe4+ Qe6 42. Qd4 Rg8 43. Qxa7 Qc4 44. fxg5 hxg5 45. a4 Kd7 46.
Qa5 Kc6 47. Qa7 Re8 48. Qa5 Qd5 49. Qa6+ Kd7 50. Qf1 Re4 0-1

[Event "BL 1112 Hamburger SK - SG Solingen"]
[Site "?"]
[Date "2011.12.10"]
[Round "6.3"]
[White "L'Ami, Erwin"]
[Black "Huschenbeth, Niclas"]
[Result "1-0"]
[WhiteElo "2592"]
[BlackElo "2510"]
[PlyCount "81"]
[EventDate "2011.??.??"]

1. d4 Nf6 2. c4 e6 3. Nf3 b6 4. g3 Bb7 5. Bg2 c5 6. O-O cxd4 7. Qxd4 Nc6 8. Qf4
Ne7 9. Nc3 Ng6 10. Qd4 Bc5 11. Qd3 d5 12. cxd5 Nxd5 13. Qb5+ Qd7 14. Qxd7+ Kxd7
15. Rd1 Ke7 16. Ne4 Rhc8 17. Nxc5 Rxc5 18. b3 Nc3 19. Rd2 Ke8 20. Ba3 Rc7 21.
Bb2 Rac8 22. Ng5 Bxg2 23. Kxg2 Ke7 24. Rc1 h6 25. Nf3 Ne4 26. Rxc7+ Rxc7 27.
Rd4 Nc3 28. Nd2 Nb5 29. Rd3 Rc2 30. Nc4 Rxe2 31. a4 Nc7 32. Ba3+ Kf6 33. Rf3+
Kg5 34. h4+ Kg4 35. Ne3+ Rxe3 36. Rxe3 Nd5 37. Re1 Kf5 38. h5 Ne5 39. Bf8 Nd7
40. Bxg7 Kg5 41. Rh1 1-0

[Event "BL 1112 Hamburger SK - SG Solingen"]
[Site "?"]
[Date "2011.12.10"]
[Round "6.5"]
[White "Jussupow, Artur"]
[Black "Rogozenco, Dorian"]
[Result "1-0"]
[WhiteElo "2566"]
[BlackElo "2552"]
[PlyCount "109"]
[EventDate "2011.??.??"]

1. d4 d5 2. Nf3 Nf6 3. e3 c6 4. c4 Bg4 5. cxd5 Bxf3 6. Qxf3 cxd5 7. Nc3 Nc6 8.
Bd3 e6 9. O-O Be7 10. Rd1 O-O 11. Bf1 Rc8 12. Bd2 Na5 13. Be1 Nc4 14. Qe2 a6
15. b3 Na3 16. Rac1 b5 17. f3 Qd7 18. Qb2 Rc6 19. Bd3 Rfc8 20. Ne2 b4 21. Rxc6
Rxc6 22. Rc1 Ne8 23. Rxc6 Qxc6 24. Qc1 Qxc1 25. Nxc1 Nc7 26. Ne2 Kf8 27. g4 h6
28. h4 g6 29. Kg2 Nab5 30. Kh3 a5 31. Bd2 Kg7 32. e4 Bd6 33. e5 Be7 34. f4 f6
35. exf6+ Bxf6 36. g5 Bxd4 37. gxh6+ Kf7 38. Nxd4 Nxd4 39. h7 Kg7 40. Bxg6 Nf5
41. Kg4 Ne7 42. Bd3 Ne8 43. Kg5 d4 44. Bc1 Nd5 45. Bb2 Nc3 46. h5 Nd6 47. h6+
Kh8 48. Kf6 Nde4+ 49. Ke5 Nf2 50. Kxd4 Ncd1 51. Ba1 Nxd3 52. Kxd3+ Kxh7 53. Ke2
Nc3+ 54. Bxc3 bxc3 55. a3 1-0

[Event "BL 1112 Hamburger SK - SG Solingen"]
[Site "?"]
[Date "2011.12.10"]
[Round "6.6"]
[White "Mueller, Karsten Dr"]
[Black "Naumann, Alexander"]
[Result "1/2-1/2"]
[WhiteElo "2534"]
[BlackElo "2546"]
[PlyCount "139"]
[EventDate "2011.??.??"]

1. e4 e5 2. Bc4 Nc6 3. Nc3 Nf6 4. d3 Bb4 5. Nf3 d6 6. O-O Bxc3 7. bxc3 Na5 8.
Bb3 Nxb3 9. axb3 Bg4 10. Re1 Nd7 11. h3 Bxf3 12. Qxf3 O-O 13. d4 a6 14. Qg4 Qe7
15. Ba3 Qe6 16. Qg3 Rfe8 17. f4 exf4 18. Qxf4 Qg6 19. Qf3 c6 20. Re2 Re6 21.
Rae1 Rae8 22. c4 h6 23. Bb2 R6e7 24. Qf4 c5 25. Re3 cxd4 26. Bxd4 Ne5 27. Rg3
Qe6 28. Bc3 Kh7 29. Qf2 f6 30. Rge3 Qf7 31. Rd1 Qe6 32. Qf5+ Qxf5 33. exf5 Nf7
34. Rxe7 Rxe7 35. Kf2 h5 36. Bb4 Re5 37. Rd5 g6 38. fxg6+ Kxg6 39. Rd3 Re6 40.
Rg3+ Kh7 41. Re3 Ne5 42. Kg3 Kg6 43. Kf4 Kf7 44. Kg3 Kg6 45. Re1 Kf5 46. Rf1+
Kg6 47. Kh4 Nc6 48. Bc3 Re4+ 49. Kg3 Re3+ 50. Rf3 Rxf3+ 51. Kxf3 Kf5 52. Kg3 b5
53. cxb5 axb5 54. Kh4 Kg6 55. g4 hxg4 56. Kxg4 f5+ 57. Kf4 Nd8 58. Kg3 Ne6 59.
Kh4 Ng5 60. Bb4 d5 61. Kg3 Ne6 62. Bd2 Nd4 63. Kf4 Nxc2 64. Ke5 d4 65. b4 d3
66. Kf4 Kh5 67. Kxf5 Kh4 68. Ke4 Kxh3 69. Kxd3 Nxb4+ 70. Bxb4 1/2-1/2

[Event "BL 1112 Hamburger SK - SG Solingen"]
[Site "?"]
[Date "2011.12.10"]
[Round "6.7"]
[White "Hoffmann, Michael"]
[Black "Heinemann, Thies"]
[Result "1/2-1/2"]
[WhiteElo "2496"]
[BlackElo "2469"]
[PlyCount "99"]
[EventDate "2011.??.??"]

1. d4 Nf6 2. c4 e6 3. Nc3 Bb4 4. Qc2 Nc6 5. Nf3 d6 6. Bd2 O-O 7. a3 Bxc3 8.
Bxc3 Qe7 9. b4 e5 10. dxe5 Nxe5 11. e3 b6 12. Be2 Bb7 13. Nxe5 dxe5 14. O-O
Rfd8 15. Rfd1 Ne8 16. Rxd8 Rxd8 17. Rd1 Rxd1+ 18. Qxd1 c5 19. Qa4 Be4 20. bxc5
bxc5 21. Qb5 Kf8 22. a4 Qc7 23. a5 Nd6 24. Qb2 f6 25. Qd2 Ke7 26. Bb2 a6 27. h3
Nb7 28. Bc3 Nd6 29. Bb2 Bg6 30. Ba3 Bf7 31. Qc3 Be6 32. f4 Nb7 33. fxe5 Qxe5
34. Qxe5 fxe5 35. Bf3 Nxa5 36. Bxc5+ Kf7 37. Bd5 Bxd5 38. cxd5 Nc4 39. Kf2 a5
40. e4 a4 41. Ke2 a3 42. Bb4 a2 43. Bc3 Kf6 44. Kd3 Nd6 45. g4 h6 46. h4 Nf7
47. Kc4 Nd6+ 48. Kd3 Nf7 49. Kc4 Nd6+ 50. Kd3 1/2-1/2

[Event "BL 1112 Schachfr. Berlin - SC Remagen"]
[Site "?"]
[Date "2011.12.10"]
[Round "6.1"]
[White "Fedorchuk, Sergey"]
[Black "Melkumyan, Hrant"]
[Result "1/2-1/2"]
[WhiteElo "2635"]
[BlackElo "2619"]
[PlyCount "87"]
[EventDate "2011.??.??"]

1. e4 e5 2. Nf3 Nc6 3. Bb5 a6 4. Ba4 Nf6 5. O-O Be7 6. Re1 b5 7. Bb3 O-O 8. h3
Bb7 9. d3 d6 10. a3 Nb8 11. Nbd2 Nbd7 12. Ba2 Re8 13. b4 a5 14. c4 axb4 15.
axb4 bxc4 16. Nxc4 d5 17. Na5 Bxb4 18. Nxb7 Qc8 19. Re2 Qxb7 20. Rb1 c5 21.
exd5 Nxd5 22. Qb3 N7b6 23. Rxe5 Rxe5 24. Nxe5 Nc3 25. Rb2 Nbd5 26. Bd2 Nxa2 27.
Rxa2 Rxa2 28. Qxa2 Bxd2 29. Qxd2 Qb1+ 30. Kh2 Qb8 31. f4 Qa8 32. Qf2 f6 33. Nd7
Qa4 34. Nxc5 Qxf4+ 35. Qxf4 Nxf4 36. Kg3 Nd5 37. Kf3 f5 38. g4 fxg4+ 39. hxg4
Kf7 40. d4 h5 41. gxh5 Nf6 42. Ne4 Nxh5 43. Kg4 Nf6+ 44. Nxf6 1/2-1/2

[Event "BL 1112 Schachfr. Berlin - SC Remagen"]
[Site "?"]
[Date "2011.12.10"]
[Round "6.2"]
[White "Kraemer, Martin"]
[Black "Parligras, Mircea"]
[Result "1/2-1/2"]
[WhiteElo "2492"]
[BlackElo "2625"]
[PlyCount "42"]
[EventDate "2011.??.??"]

1. d4 Nf6 2. c4 e6 3. Nc3 Bb4 4. Qc2 d5 5. cxd5 exd5 6. Bg5 c5 7. dxc5 h6 8.
Bh4 g5 9. Bg3 Ne4 10. Bxb8 Qf6 11. Nf3 Bxc3+ 12. bxc3 Rxb8 13. e3 O-O 14. Nd4
Bd7 15. Bd3 Nxc5 16. O-O Rbc8 17. Bf5 Ne6 18. Bxe6 fxe6 19. f4 Kg7 20. Qd2 g4
21. Rae1 e5 1/2-1/2

[Event "BL 1112 Schachfr. Berlin - SC Remagen"]
[Site "?"]
[Date "2011.12.10"]
[Round "6.4"]
[White "Maksimenko, Andrei"]
[Black "Dgebuadze, Alexandre"]
[Result "1-0"]
[WhiteElo "2553"]
[BlackElo "2544"]
[PlyCount "75"]
[EventDate "2011.??.??"]

1. Nf3 Nf6 2. c4 e6 3. Nc3 Bb4 4. Qc2 b6 5. e4 Bb7 6. e5 Bxc3 7. dxc3 Ne4 8.
Bd3 Nc5 9. Be2 Be4 10. Qd1 a5 11. b4 axb4 12. cxb4 Na4 13. Bg5 Qc8 14. Qd2 Nc6
15. O-O O-O 16. Rac1 Ra7 17. Rfe1 d6 18. exd6 cxd6 19. Nd4 Nxd4 20. Qxd4 Qc6
21. f3 Bg6 22. Be3 f6 23. Bd1 e5 24. Qd2 Bf7 25. Bb3 Rd8 26. Red1 Rdd7 27. Qc2
Bg6 28. c5+ Kf8 29. cxb6 Bxc2 30. Rxc2 Qxc2 31. Bxc2 Ra8 32. Be4 d5 33. Rxd5
Rxd5 34. Bxd5 Rd8 35. b7 Ke7 36. Ba7 Kd6 37. Bb3 Kc7 38. b8=Q+ 1-0

[Event "BL 1112 Schachfr. Berlin - SC Remagen"]
[Site "?"]
[Date "2011.12.10"]
[Round "6.5"]
[White "Swinkels, Robin"]
[Black "Lauber, Arnd"]
[Result "0-1"]
[WhiteElo "2494"]
[BlackElo "2464"]
[PlyCount "98"]
[EventDate "2011.??.??"]

1. d4 Nf6 2. c4 e6 3. g3 d5 4. Bg2 Bb4+ 5. Bd2 Be7 6. Nf3 O-O 7. O-O c6 8. Qc2
b6 9. Rd1 Nbd7 10. Nc3 Ba6 11. Ne5 Nxe5 12. dxe5 Nd7 13. cxd5 cxd5 14. Bf4 g5
15. Nxd5 exd5 16. Bxd5 Qc8 17. Qd2 gxf4 18. Bxa8 Nxe5 19. Be4 fxg3 20. hxg3 Qh3
21. Qf4 Ng4 22. Bg2 Qh5 23. Rd5 f5 24. Re1 Bc5 25. Rxc5 bxc5 26. Qc7 f4 27.
gxf4 Qh2+ 28. Kf1 Qxf4 29. Qxf4 Rxf4 30. Kg1 Rd4 31. Rc1 Bxe2 32. f3 Ne3 33.
Rxc5 Nxg2 34. Kxg2 a6 35. Rc2 Bd3 36. Rc6 Bb5 37. Rc2 Rd6 38. b3 Bc6 39. Rc3
Rf6 40. Kg3 Kf7 41. Re3 Re6 42. Rc3 Ke7 43. Rc5 Rg6+ 44. Kf4 Rf6+ 45. Ke5 Bd7
46. Ke4 Bc6+ 47. Ke5 h5 48. f4 h4 49. Rc3 Bd7 0-1

[Event "BL 1112 Schachfr. Berlin - SC Remagen"]
[Site "?"]
[Date "2011.12.10"]
[Round "6.7"]
[White "Seel, Christian"]
[Black "Berndt, Stephan"]
[Result "1/2-1/2"]
[WhiteElo "2481"]
[BlackElo "2441"]
[PlyCount "75"]
[EventDate "2011.??.??"]

1. Nf3 Nf6 2. c4 b6 3. g3 Bb7 4. Bg2 e6 5. O-O c5 6. Nc3 Be7 7. Re1 d5 8. cxd5
Nxd5 9. e4 Nb4 10. d4 cxd4 11. Nxd4 N8c6 12. Nxc6 Nxc6 13. Qa4 O-O 14. Rd1 Qe8
15. Bf4 a6 16. Bd6 b5 17. Qc2 Rc8 18. e5 Na5 19. Qe2 Bxg2 20. Kxg2 Bxd6 21.
Rxd6 Rc6 22. Rad1 Nc4 23. Rd7 Qb8 24. f4 Rc7 25. Ne4 Rxd7 26. Rxd7 Qc8 27. Rd3
Rd8 28. b3 Rxd3 29. Qxd3 Nb6 30. Qc3 Qb7 31. Qd4 Nd5 32. Kf2 h6 33. Nc3 Nxc3
34. Qxc3 g6 35. Ke3 h5 36. Qd2 Kg7 37. h4 Qc6 38. Kf2 1/2-1/2

[Event "BL 1112 Schachfr. Berlin - SC Remagen"]
[Site "?"]
[Date "2011.12.10"]
[Round "6.8"]
[White "Polzin, Rainer"]
[Black "Kipper, Jens"]
[Result "1-0"]
[WhiteElo "2469"]
[BlackElo "2382"]
[PlyCount "103"]
[EventDate "2011.??.??"]

1. e4 e6 2. d4 d5 3. Nc3 Nf6 4. Bg5 Bb4 5. e5 h6 6. Bd2 Bxc3 7. bxc3 Ne4 8. Qg4
g6 9. Bd3 Nxd2 10. Kxd2 c5 11. Nf3 Bd7 12. Rhb1 c4 13. Be2 Bc6 14. h4 Nd7 15.
Qf4 Qe7 16. Nh2 O-O-O 17. Ng4 Rdf8 18. Nf6 Nxf6 19. Qxf6 Kd7 20. g4 Qxf6 21.
exf6 Kd6 22. f4 g5 23. Ke3 Re8 24. Bf3 gxf4+ 25. Kxf4 e5+ 26. dxe5+ Rxe5 27.
Re1 Rhe8 28. Rxe5 Rxe5 29. Rg1 Bd7 30. Rg2 Re6 31. g5 hxg5+ 32. hxg5 Re5 33.
Bg4 Re4+ 34. Kf3 Bxg4+ 35. Rxg4 Ke5 36. g6 Rxg4 37. Kxg4 Kxf6 38. gxf7 Kxf7 39.
Kf5 Ke7 40. Ke5 Kd7 41. Kxd5 Kc7 42. Kxc4 Kc6 43. Kb4 b6 44. Kc4 a6 45. Kb4 Kd5
46. c4+ Kc6 47. a3 a5+ 48. Kc3 Kc5 49. Kd3 Kc6 50. Kd4 Kd6 51. a4 Kc6 52. c5
1-0

[Event "BL 1112 OSG Baden Baden - SV Wattensche"]
[Site "?"]
[Date "2011.12.10"]
[Round "6.3"]
[White "Bogner, Sebastian"]
[Black "Naiditsch, Arkadij"]
[Result "1/2-1/2"]
[WhiteElo "2534"]
[BlackElo "2707"]
[PlyCount "79"]
[EventDate "2011.??.??"]

1. d4 Nf6 2. c4 e6 3. Nc3 Bb4 4. Qc2 O-O 5. a3 Bxc3+ 6. Qxc3 b5 7. cxb5 c6 8.
a4 a6 9. bxa6 Ne4 10. Qc2 d5 11. Nf3 Nxa6 12. Bd2 Qb6 13. a5 Nb4 14. Qb3 Rxa5
15. Rxa5 Nxd2 16. Kxd2 Qxa5 17. Qc3 c5 18. Qxc5 Qa4 19. e3 Bd7 20. Be2 Rb8 21.
Rc1 Qa2 22. Qc3 Nc6 23. Bd3 f6 24. Bb1 Qxb2+ 25. Qxb2 Rxb2+ 26. Bc2 Ra2 27. Kc3
Be8 28. Nd2 Na7 29. Kb3 Ra6 30. Bd3 Bb5 31. Bxb5 Nxb5 32. Kb2 Kf7 33. Nb3 Rb6
34. Ra1 Nd6 35. Kc2 Ne4 36. f3 Nd6 37. Nc5 Nc4 38. Kd3 h5 39. Ra7+ Kg6 40. Rb7
1/2-1/2

[Event "BL 1112 OSG Baden Baden - SV Wattensche"]
[Site "?"]
[Date "2011.12.10"]
[Round "6.4"]
[White "Kasimdzhanov, Rustam"]
[Black "Rustemov, Alexander"]
[Result "1/2-1/2"]
[WhiteElo "2678"]
[BlackElo "2537"]
[PlyCount "91"]
[EventDate "2011.??.??"]

1. d4 d5 2. c4 e6 3. Nc3 Be7 4. cxd5 exd5 5. Bf4 c6 6. e3 Bd6 7. Bxd6 Qxd6 8.
Bd3 Ne7 9. Qc2 g6 10. Nf3 Bf5 11. O-O Bxd3 12. Qxd3 O-O 13. e4 Na6 14. e5 Qd7
15. Na4 Nf5 16. a3 Ng7 17. Rae1 Rae8 18. Qd2 Qf5 19. Re3 f6 20. Rfe1 fxe5 21.
Nxe5 Qg5 22. g3 Nf5 23. f4 Qd8 24. R3e2 Nd6 25. Qd3 Qa5 26. Nc3 Kg7 27. b4 Qc7
28. Rc1 Qd8 29. b5 Nb8 30. a4 g5 31. fxg5 Qxg5 32. Rce1 Qf5 33. Qd2 Re6 34. Re3
Ref6 35. Rf3 Qh5 36. Rxf6 Rxf6 37. bxc6 bxc6 38. Rb1 Na6 39. Nxc6 Nc7 40. Ne5
Qf5 41. Rc1 h5 42. Qe3 Nc4 43. Nxc4 dxc4 44. Qe7+ Kh6 45. Ne4 Nd5 46. Qe5
1/2-1/2